Motivos de conversación : (Registro nro. 20347)
[ vista simple ]
| 000 -CABECERA | |
|---|---|
| campo de control de longitud fija | 00528nam a2200169 a 4500 |
| 001 - NÚMERO DE CONTROL | |
| campo de control | 000020844 |
| 005 - FECHA Y HORA DE LA ÚLTIMA TRANSACCIÓN | |
| campo de control | 20200930011156.0 |
| 008 - DATOS DE LONGITUD FIJA--INFORMACIÓN GENERAL | |
| campo de control de longitud fija | 100818s2000 xxua 000 0 spa d |
| 020 ## - NÚMERO INTERNACIONAL ESTÁNDAR DEL LIBRO | |
| Número Internacional Estándar del Libro | 0072309237 |
| 020 ## - NÚMERO INTERNACIONAL ESTÁNDAR DEL LIBRO | |
| Número Internacional Estándar del Libro | 0072404892 |
| 040 ## - FUENTE DE LA CATALOGACIÓN | |
| Centro catalogador/agencia de origen | DO-SdBNP |
| Lengua de catalogación | spaeng |
| Centro/agencia transcriptor | BPJMB |
| 082 ## - NÚMERO DE LA CLASIFICACIÓN DECIMAL DEWEY | |
| Número de clasificación | xxx |
| Número de documento/Ítem | N597m |
| 100 1# - ENTRADA PRINCIPAL--NOMBRE DE PERSONA | |
| Nombre de persona | Nicholas, Robert L. |
| 9 (RLIN) | 28070 |
| 245 10 - MENCIÓN DE TÍTULO | |
| Título | Motivos de conversación : |
| Resto del título | essentials of spanish, / |
| Mención de responsabilidad, etc. | Robert L. Nicholas, María Canteli Dominicis. |
| 300 ## - DESCRIPCIÓN FÍSICA | |
| Extensión | 440 p. : |
| Otras características físicas | il. ; |
| Dimensiones | 26 cm. |
| 700 1# - PUNTO DE ACCESO ADICIONAL--NOMBRE DE PERSONA | |
| Nombre de persona | Canteli Dominicis, María |
| 9 (RLIN) | 43693 |
No hay ítems disponibles.
